000 00555nam a2200169Ia 4500
003 GCL
008 140319s9999 xx 000 0 ara d
040 _aGCL /
_cGCL
082 0 4 _aق
_b962.074
_bح ح
100 1 _aحمدى الطاهر
245 1 0 _aحرب اكتوبر فى الاعلام العالمى /
_cحمدى الطاهر
300 _a464 ص
490 _aالهيئة العامة للاستعلامات
_v0
650 0 4 _aحرب اكتوبر 1973
650 0 4 _aمصر - تاريخ - العصر الحديث (1805 - 1956 )
942 _2ddc
_cBK
999 _c49802
_d49802